| 000 | 00377nam a2200145Ia 4500 | ||
|---|---|---|---|
| 005 | 20251222144725.0 | ||
| 008 | 251222s9999||||xx |||||||||||||| ||spa|| | ||
| 020 | _a968-426-743-6 | ||
| 082 | _a001.420.5/C77 | ||
| 100 | _aCoolican, Hugh | ||
| 245 | 0 | _aMétodos de investigación y estadística en piscología | |
| 250 | _a2a.ed. | ||
| 264 | _bEl Manual Modeno | ||
| 942 | _cLIB | ||
| 999 |
_c18362 _d18362 |
||